Kreatívne správanie - podpora procesov manažmentu

Kreativita v manažmente je spôsobilosť riešiť po novom problémy, ktoré sú späté s finkciami a úlohami v manažmente. Oblasti, v ktorých sa vyžaduje kreativita. Zmena ako výzva pre kreatívne rozhodovanie. Úlohy v manažmente ako nepretržitý proces riešenia problémov. Predpoklady úspešného manažérskeho...

ver descrição completa

Na minha lista:
Detalhes bibliográficos
Autor principal: Suntingerová, Ľudmila
Formato: Capítulo de Livro
Idioma:eslovaco
Assuntos:
Tags: Adicionar Tag
Sem tags, seja o primeiro a adicionar uma tag!

MARC

LEADER 00000naa$a2200000$$$4500
001 0067516
005 20240502071819.5
041 0 |a slo 
044 |a SK 
245 1 0 |a Kreatívne správanie - podpora procesov manažmentu  |c Ľudmila Suntingerová 
520 |a Kreativita v manažmente je spôsobilosť riešiť po novom problémy, ktoré sú späté s finkciami a úlohami v manažmente. Oblasti, v ktorých sa vyžaduje kreativita. Zmena ako výzva pre kreatívne rozhodovanie. Úlohy v manažmente ako nepretržitý proces riešenia problémov. Predpoklady úspešného manažérskeho správania. Rozvíjanie kreativity. Podporovanie kreatívneho potenciálu v podniku. 
610 2 0 |a manažéri 
610 2 0 |a kreativita 
610 2 0 |a rozhodovanie manažérske 
610 2 0 |a správanie 
610 2 0 |a podnik 
100 1 |a Suntingerová, Ľudmila